1266 1445 1232 1732 1896 1629 1933 1986 1364 1769 1744 1510 1717 1074 1762 1652 1400 1466 1638 1021 1886 1120 1619 1053 1294 1113 1263 1752 1017 1776 1485 1808 1524 1517 1473 1696 1188 1176 1923 1791 1051 1255 1529 1295 1835 1325 1499 1203 1406 1185 1258 1237 1698 1254 1643 1838 1950 1009 1101 1024 1375 1254 1482 1897 1178 1768 1964 1884 1418 1282 1183 1755 1213 1612 1068 1249 1987 1317 1963 1358 1296 1578 1130 1921 1600 1609 1322 1918 1128 1850 1167 1640 1603 1622 1171 1706 1105 1728 1746 BCNSPRNW ULIB Ver.6.0+V

เปลี่ยนเป็นภาษาไทย

Change to English
 แสดงรายละเอียดบรรณานุกรม
  กลับหน้าหลัก

Brief Record : Get Marc (ISO 2709) : E-mail record : QR code < ปิดหน้าต่าง
LEADER : 00000nam 2200000uu 4500
001    13399120647
003     ULIB
008    121002s2548||||th 000 0 tha d
020    ^a9746114174 (ล.2)
050 04 ^aBF1298^bส719จ ล.2
245 00 ^aจิตวิทยาทั่วไป หน่วยที่ 8-15=^bGeneral Psychology /^cสาขาวิชาคหกรรมศาสตร์ มหาวิทยาลัยสุโขทัยธรรมาธิราช
246 31 ^aGeneral Psychology
250    ^aพิมพ์ครั้งที่ 18
260    ^aนนทบุรี :^bสำนักพิมพ์ มสธ.,^c2548
300    ^a2 เล่ม
500    ^aเอกสารการสอนชุดวิชาจิตวิทยาทั่วไป
650  7 ^aจิตวิทยา
710 2  ^aมหาวิทยาลัยสุโขทัยธรรมาธิราช. ^bสาขาวิชาคหกรรมศาสตร์
740 02 ^aเอกสารการสอนชุดวิชาจิตวิทยาทั่วไป
945    ^p0^l0^i24452
995    ^aวิภา
999 ^a ใช้งานได้ทุกระบบ
รายการนี้ยังไม่มีแท็ก
คุณยังไม่ได้ล็อกอิน คุณสามารถมีกิจกรรมร่วมกับเว็บไซต์ได้ แต่ต้องล็อกอินก่อน ::
  ล็อกอิน

รายการสื่อสารสนเทศ

ลำดับที่ ประเภท เลขเรียก/บาร์โค้ด สถานที่ สถานะ
1. วิทยาศาสตร์การแพทย์ และสุขภาพ
วิทยาศาสตร์การแพทย์ และสุขภาพ
BF1298 ส719จ ล.2  
  Barcode: 24452
ห้องสมุดวิทยาเขตสวรรค์ประชารักษ์
►หนังสือทั่วไป
บนชั้น

รายการใกล้เคียง
    หัวเรื่อง [จิตวิทยา]

BibComment


ยังไม่เคยถูกคอมเมนท์

คอมเมนท์ทรัพยากรรายการนี้
  คอมเมนท์: จิตวิทยาทั่วไป ห..


 Copyright 2026. Bcnsprnw @Library